| 000 | 00585nam a2200217 a 4500 | ||
|---|---|---|---|
| 005 | 20210219153115.0 | ||
| 008 | 991125n 000 0 u | ||
| 035 | _aUPN01000078285 | ||
| 100 | _aKhanna, A. L. | ||
| 222 | _aJOURNAL OF READING | ||
| 245 | _aEvaluation the readability of school textbooks : an indian study | ||
| 300 | _a282-288 | ||
| 362 | _aV. 35, No. 4, 1991 | ||
| 505 | _aAbril 1992 | ||
| 653 | 0 | _aLEGIBILIDAD | |
| 653 | 0 | _aLEGIBILIDAD DE FORMULAS | |
| 653 | 0 | _aLIBROS DE TEXTO | |
| 700 | _aAgnihotri, R. K. | ||
| 904 |
_aAC _b016096 |
||
| 905 | _aArticulo | ||
| 999 |
_c68628 _d68628 |
||